Movies Quiz

Random Movies or Disney Quiz

Disney Characters Close-Up II Quiz Stats

 Plays Quiz Updated Aug 12, 2017

Support Sporcle.
Go Orange.
Score 0/28 Timer 05:00
2 Plays Today
No. Character % Correct
4Ariel
94.8%
16Winnie the Pooh
94.6%
2Aladdin
94.1%
5Mulan
92.1%
17 Minnie Mouse
90.4%
10Pinocchio
87.6%
1Nala
85.1%
7Ursula
83.5%
28Doc
81.2%
13Gaston
80.8%
26Max Goof
79.1%
9Cheshire Cat
77%
6Thumper
76.3%
15Princess Aurora
75.5%
No. Character % Correct
24Flounder
74.8%
12Tiana
71.3%
8Hades
70.4%
19Baloo the Bear
70%
27Wendy Darling
67.7%
25John Smith
64.7%
3Gus
62%
11Pongo
60.2%
21Merlin
58.8%
20Kuzco
50.3%
14Duchess
40.5%
18Claude Frollo
38.5%
22Bernard
29.3%
23Dodger
19.9%

You're not logged in!

Compare scores with friends on all Sporcle quizzes.
OR
Log In
Forgot?

From the Vault

Two Word 'D' Movies Match Up

by ddd62291

Is there going to be a Dunkin Donuts biopic or something?
Remove Ads.
Support Sporcle.
Get the best of Sporcle when you Go Orange. This ad-free experience offers more features, more stats, and more fun while also helping to support Sporcle. Thank you for becoming a member.

Show Comments

Extras

Top Quizzes Today


Score Distribution

Your Account Isn't Verified!

In order to create a playlist on Sporcle, you need to verify the email address you used during registration. Go to your Sporcle Settings to finish the process.

Report this User

Report this user for behavior that violates our Community Guidelines.

Details: